| 000 | 01216nam a2200241Ia 4500 | ||
|---|---|---|---|
| 003 | OSt | ||
| 005 | 20210805150145.0 | ||
| 008 | 210310s2014 ck gr 000 0 spa d | ||
| 020 | _a9789586487580 | ||
| 040 |
_aCO-JMCR _cCO-JMCR |
||
| 041 | 0 | _aspa | |
| 082 | 0 | 4 |
_a332.15 / _bM322o _223 |
| 100 | 1 |
_aMarcuse, Roberto, _eautor _927321 |
|
| 245 | 1 | 0 |
_aOperaciones bancarias internacionales / _cRobert Marcuse |
| 260 |
_aBogotá : _bEco, _c2014. |
||
| 300 |
_a168 páginas ; _c23 cm. |
||
| 505 | _aEl departamento de negocios internacionales o departamento exterior de un banco. -- Operaciones cambiarias. -- Crédito documentario. -- Cobranzas. -- Órdenes de pago. -- Finanzas, garantías y avales. -- Tesorería y operaciones de divisas. -- Mercadeo, promoción y administración. -- Financiación del comercio exterior. | ||
| 520 | 0 | _aEl proceso de globalización y el desarrollo de mercados emergentes como los de Brasil, Rusia, India, China y Sudáfrica (BRICS) han incrementado enormemente en el volumen de las operaciones de comercio internacional. | |
| 650 | 1 | 4 |
_aBancos y banca. _vInternacional _927323 |
| 650 | 2 | 4 |
_aBancos y banca _938633 |
| 650 | 2 | 4 |
_aEl comercio internacional _939115 |
| 942 |
_2ddc _cBK |
||
| 999 |
_c12110 _d12110 |
||